| 000 | 01475nam a2200457 i 4500 | ||
|---|---|---|---|
| 001 | 33088 | ||
| 003 | KOSZ 005 | ||
| 005 | 20220722144450.0 | ||
| 008 | 061201s1995 pl a f f |000 0 pol | ||
| 015 | _aUWD 2007/1578 | ||
| 020 | _a8386389796 | ||
| 035 | _a991032191909705066 | ||
| 035 | _a(PL-WaBN)b18642019-48omnis_nlop | ||
| 035 | _ab18642019 | ||
| 035 | _a(OCoLC)749429219 | ||
| 035 | _a(PL)b0000001864201 | ||
| 035 | _a(EXLNZ-48OMNIS_NETWORK)9910467389305606 | ||
| 040 |
_aWA N _cWA N _dKOSZ 005/HR |
||
| 041 | 1 |
_apol _heng |
|
| 046 | _k1994 | ||
| 080 | _a004.92) | ||
| 080 | _a(07 | ||
| 100 | 1 |
_aAnderson, Scott _d(1951- ) _eAutor |
|
| 245 | 1 | 0 |
_aGrafika PC bez tajemnic / _c[tł. Jarosław Mirkowski]. |
| 246 | 1 |
_iTyt. oryg.: _aPC graphic unleashed, _f1994 |
|
| 260 |
_aWarszawa : _bIntersofland, _ccop. 1995. |
||
| 300 |
_aXXXVIII, 671 s. : _bil. ; _c24 cm. |
||
| 336 |
_aTekst _btxt _2rdacontent |
||
| 337 |
_aBez urządzenia pośredniczącego _bn _2rdamedia |
||
| 338 |
_aWolumin _bnc _2rdacarrier |
||
| 380 | _aKsiążki | ||
| 388 | _a1901-2000 | ||
| 388 | _a1989-2000 | ||
| 655 | 7 |
_aGrafika komputerowa _2DBN |
|
| 655 | 7 |
_aPodręcznik _2DBN |
|
| 658 | _aInformatyka i technologie informacyjne | ||
| 700 | 1 |
_aMirkowski, Jarosław _c(informatyk) _eTłumaczenie |
|
| 856 |
_uhttp://koha.tu.koszalin.pl/cgi-bin/koha/opac-detail.pl?biblionumber=33088 _yKatalog online BPK |
||
| 942 |
_2UKD _cKS |
||
| 999 |
_c33088 _d33088 |
||